| 000 | 01298nam a2200325 a 4500 | ||
|---|---|---|---|
| 001 | 000006848 | ||
| 003 | DO-SdBNP | ||
| 005 | 20180214103005.0 | ||
| 007 | 000006848 | ||
| 008 | 090903s2009 dr ab 001 0 spa d | ||
| 020 | _z9789945452120 | ||
| 040 |
_aBPMSU _bspa _cBPMSU |
||
| 082 |
_a923.5 _bC525o |
||
| 100 | 1 |
_aOrtega Chestaro, V. Amaury, _d1980- |
|
| 245 | 1 | 0 |
_aCoronel Fabio Chestaro Mejía : _bvida de un valiente militar en las gestas de junio y abril / _cV. Amaury Ortega Chestaro ; corrección Pedro José Cruz Frías. |
| 260 |
_aSanto Domingo : _bEl Nuevo Diario, _c2009. |
||
| 300 |
_a251 p. : _bil., mapa. ; _c22 cm. |
||
| 500 | _aEn la cubierta: "La trascendencia marcada de un héroe. El glorioso principio del fin de la dictadura" | ||
| 504 | _aIncluye referencias bibliográficas y notas al pie de las páginas | ||
| 504 | _aIncluye bibliografía (221-222) | ||
| 600 | 1 | 4 |
_aCHESTARO MEJIA, FABIO _d1918-1982 |
| 650 | 4 |
_aMILITARES _xBIOGRAFÍAS |
|
| 651 | 4 |
_aREPÚBLICA DOMINICANA _xBIOGRAFÍAS |
|
| 651 | 4 |
_aREPÚBLICA DOMINICA _xHISTORIA _yERA DE TRUJILLO, 1930-1961 |
|
| 700 | 1 | _aCruz Frias, Pedro José | |
| 910 | _aValidado. Control de calidad BNPHU | ||
| 942 |
_2ddc _cBK |
||
| 945 | _aTitulo remanejado para BNPHU | ||
| 956 |
_aVMATEO _b10 _c20150914 _lBPMSU _h00151 |
||
| 999 |
_c7969 _d7969 |
||